000 00494nam a2200169 4500
005 20260422162316.0
008 260422b |||||||| |||| 00| 0 eng d
020 _a9781461295297
040 _cSDCL
041 _2eng
_aeng
084 _aB43 M5.3
100 _aZeidler, Eberhard
_91235421
245 _aNonlinear Functional Analysis and its Applications: III :
_bVariational Methods and Optimization
260 _aVerlag :
_bSpringer,
_c1985.
300 _axxii, 662p.
942 _2CC
_cTEXL
999 _c1848397
_d1848397